000 00305nam a2200121Ia 4500
005 20251222155045.0
008 251222s9999||||xx |||||||||||||| ||spa||
082 _aEDUM.15
100 _aSANCHEZ C.Hugo.
245 0 _aCapacidades competencias e inteligencias e inteligencia
264 _bURP
942 _cLIB
999 _c37074
_d37074